000
00302nam a2200133Ia 4500
100
_a
Millman/J/ Halkias/C.C
942
_c
BK
654
_a
integrated
245
_a
Integrated electronics
260
_b
McGraw Hill
_a
Singapore
_c
1972
082
_a
621.38179
_b
mil/h
300
_a
911
546
_a
ENGLISH
999
_c
35221
_d
35221